| 000 | 00635nam a22002177a 4500 | ||
|---|---|---|---|
| 003 | UPN | ||
| 005 | 20250226095056.0 | ||
| 008 | 241211b ag| |||er ||| 00| f spa d | ||
| 040 |
_aMX-MxUPN _bspa _cUPN |
||
| 050 |
_aPR6013 O63 _bS5618 |
||
| 100 |
_aDavid Goodis _d1917-1967 _955337 |
||
| 245 | _aLa fuga | ||
| 250 | _aPrimera edición, | ||
| 260 |
_aArgentina : _bCorregidor, _c1974 |
||
| 300 | _a207 páginas | ||
| 500 | _aDonación | ||
| 650 | 0 |
_aLiteratura americana _vNovela _946202 |
|
| 650 | 0 |
_aLiteratura americana _vSuspenso _946202 |
|
| 902 |
_aMarisolLicea/1112024 _bMaiella Martínez / 13/02/25 |
||
| 942 |
_2lcc _cLIBRO _n0 |
||
| 999 |
_c212301 _d212301 |
||